[Event "aut_chT04"]
[Site "Fuerstenfeld"]
[Date "2005.03.18"]
[Round "9"]
[Board "5"]
[White "Wittmann, Walter"]
[Black "Kuba, Guenter"]
[Result "1/2-1/2"]
[WhiteElo "2386"]
[BlackElo "2364"]
[PlyCount "26"]

1.e4 e5 2.Nf3 Nc6 3.Bb5 a6 4.Bxc6 dxc6 5.O-O Bg4 6.h3 h5 7.d3 Qf6 8.Be3 Bxf3
9.Qxf3 Qxf3 10.gxf3 Bd6 11.Nd2 Ne7 12.Nc4 Ng6 13.Rfd1 f5

[Event "aut_chT04"]
[Site "Fuerstenfeld"]
[Date "2005.03.18"]
[Round "9"]
[Board "6"]
[White "Wach, Markus"]
[Black "Singer, Richard"]
[Result "1-0"]
[WhiteElo "2369"]
[BlackElo "2280"]
[PlyCount "69"]

1.e4 d6 2.d4 c6 3.Nc3 Qc7 4.f4 e5 5.Nf3 Bg4 6.Be3 Nd7 7.h3 exf4 8.Bxf4 Bh5 9.Qd2
Bxf3 10.gxf3 Ne7 11.h4 Ng6 12.Bg3 h5 13.Bh3 Be7 14.Qf2 Qa5 15.O-O-O Nb6 16.Qe2
Kf8 17.Bf5 Rh6 18.Kb1 Re8 19.Be1 Bf6 20.Qf1 Qa6 21.Qxa6 bxa6 22.Bg3 Rd8 23.b3
Ne7 24.Bh3 Rg6 25.Bf2 Rb8 26.f4 Ng8 27.e5 Be7 28.f5 Rh6 29.Be3 dxe5 30.dxe5 Bxh4
31.Bxh6 Nxh6 32.e6 Bf6 33.Ne4 Be5 34.Nc5 fxe6 35.fxe6

[Event "aut_chT04"]
[Site "Fuerstenfeld"]
[Date "2005.03.18"]
[Round "9"]
[Board "1"]
[White "Ruck, Robert"]
[Black "Shchekachev, Andrei"]
[Result "1-0"]
[WhiteElo "2554"]
[BlackElo "2559"]
[PlyCount "57"]

1.Nf3 Nf6 2.c4 b6 3.Nc3 Bb7 4.d4 e6 5.a3 d5 6.cxd5 Nxd5 7.Qc2 Nxc3 8.bxc3 c5
9.e4 Nc6 10.Bc4 a6 11.d5 Na5 12.Ba2 exd5 13.exd5 Be7 14.O-O O-O 15.c4 b5 16.Rd1
Nxc4 17.Bxc4 bxc4 18.Qxc4 Bd6 19.Bf4 Re8 20.Rac1 Rc8 21.Ng5 Qd7 22.Qd3 Bxf4
23.Qxh7+ Kf8 24.Qh8+ Ke7 25.Qxg7 Qf5 26.Nxf7 Rg8 27.Re1+ Kd7 28.Ne5+ Kd6 29.Nc4+

[Event "aut_chT04"]
[Site "Fuerstenfeld"]
[Date "2005.03.18"]
[Round "9"]
[Board "2"]
[White "Hertneck, Gerald"]
[Black "Ribli, Zoltan"]
[Result "1/2-1/2"]
[WhiteElo "2547"]
[BlackElo "2603"]
[PlyCount "105"]

1.d4 Nf6 2.Nf3 d5 3.c4 e6 4.Nc3 dxc4 5.e3 a6 6.a4 c5 7.Bxc4 Nc6 8.O-O Be7 9.Qe2
cxd4 10.Rd1 e5 11.exd4 exd4 12.Nxd4 Nxd4 13.Qe5 Qd6 14.Qxd4 Qxd4 15.Rxd4 O-O
16.Bg5 h6 17.Re1 Be6 18.Bxe6 hxg5 19.Bd5 Bc5 20.Rdd1 Nxd5 21.Rxd5 Bb4 22.Rxg5
Bxc3 23.bxc3 Rac8 24.g3 Rxc3 25.Re7 Rb3 26.Rd5 b5 27.axb5 Rxb5 28.Rxb5 axb5
29.Rb7 Rc8 30.Rxb5 g6 31.h4 Kg7 32.h5 gxh5 33.Rxh5 Rc3 34.Kg2 Ra3 35.Rf5 Rb3
36.Kh3 Ra3 37.Kg4 Rb3 38.Rg5+ Kf8 39.f4 Ra3 40.Kh5 Ra6 41.g4 Rf6 42.f5 Ra6
43.Kh4 Rb6 44.Kg3 Rb3+ 45.Kf4 Rb4+ 46.Ke5 Rb5+ 47.Kd6 Rb6+ 48.Kd5 Ra6 49.Rh5 Kg7
50.Rh2 Ra4 51.g5 Rg4 52.Rh5 Rg1 53.Ke4

[Event "aut_chT04"]
[Site "Fuerstenfeld"]
[Date "2005.03.18"]
[Round "9"]
[Board "3"]
[White "Stohl, Igor"]
[Black "Zelcic, Robert"]
[Result "0-1"]
[WhiteElo "2554"]
[BlackElo "2514"]
[PlyCount "64"]

1.Nf3 Nf6 2.d4 e6 3.g3 d5 4.c4 Be7 5.Bg2 O-O 6.O-O dxc4 7.Qc2 a6 8.Qxc4 b5 9.Qc2
Bb7 10.Bd2 Nbd7 11.Ba5 Ra7 12.Nbd2 Qa8 13.Qxc7 e5 14.Qc2 exd4 15.Nb3 Be4 16.Qd1
Nc5 17.Nxc5 Bxc5 18.Rc1 Nd7 19.b4 Bb6 20.Bxb6 Nxb6 21.Qxd4 Nc4 22.Rfd1 Re7 23.a4
Rfe8 24.axb5 axb5 25.Qc5 Qb7 26.Bh3 h6 27.Ne1 Re5 28.Qd4 Rd5 29.Qc3 Red8 30.Rxd5
Qxd5 31.Bf1 Ra8 32.f3 Ra3

[Event "aut_chT04"]
[Site "Fuerstenfeld"]
[Date "2005.03.18"]
[Round "9"]
[Board "4"]
[White "Klinger, Josef"]
[Black "Brestian, Egon"]
[Result "1/2-1/2"]
[WhiteElo "2442"]
[BlackElo "2415"]
[PlyCount "37"]

1.e4 c5 2.Nc3 Nc6 3.g3 g6 4.d3 Bg7 5.Be3 d6 6.Qd2 h5 7.h3 Rb8 8.Bg2 b5 9.Nge2 b4
10.Nd1 e5 11.O-O Nge7 12.f4 Nd4 13.c3 bxc3 14.bxc3 Nxe2+ 15.Qxe2 Nc6 16.fxe5
Bxe5 17.d4 cxd4 18.Qf2 O-O 19.cxd4

[Event "aut_chT04"]
[Site "Fuerstenfeld"]
[Date "2005.03.18"]
[Round "9"]
[Board "6"]
[White "Danner, Georg"]
[Black "Bawart, Markus"]
[Result "1-0"]
[WhiteElo "2435"]
[BlackElo "2355"]
[PlyCount "65"]

1.d4 Nf6 2.Nf3 e6 3.e3 b6 4.Bd3 Bb7 5.O-O Be7 6.c4 O-O 7.Nc3 d5 8.b3 dxc4 9.bxc4
c5 10.Bb2 cxd4 11.exd4 Nc6 12.Qe2 Rc8 13.Rad1 Nb4 14.Bb1 Bxf3 15.gxf3 Qc7 16.a3
Nc6 17.Nb5 Qf4 18.d5 a6 19.dxc6 axb5 20.cxb5 Bd6 21.Rxd6 Qxd6 22.Rd1 Nd5 23.Qd3
f5 24.Ba2 Rfd8 25.Bxd5 Qxd5 26.Qxd5 Rxd5 27.Rxd5 exd5 28.Bd4 Kf7 29.Bxb6 Ke6
30.Bc5 Rb8 31.b6 d4 32.c7 Rc8 33.Bxd4

[Event "aut_chT04"]
[Site "Fuerstenfeld"]
[Date "2005.03.18"]
[Round "9"]
[Board "1"]
[White "Groszpeter, Attila"]
[Black "Rotstein, Arkadij"]
[Result "1-0"]
[WhiteElo "2524"]
[BlackElo "2528"]
[PlyCount "71"]

1.e4 c5 2.Nf3 e6 3.d4 cxd4 4.Nxd4 Nf6 5.Nc3 d6 6.g4 a6 7.g5 Nfd7 8.f4 h6 9.f5
Ne5 10.fxe6 Bxe6 11.Nxe6 fxe6 12.Qh5+ g6 13.Qh3 Kd7 14.Nd5 Be7 15.Nf4 Qg8 16.Qb3
hxg5 17.Qxb7+ Ke8 18.Qxa8 Kf7 19.Nxe6 Qh7 20.Nxg5+ Bxg5 21.Bxg5 Qh5 22.h4 Qf3
23.Qb7+ Nbd7 24.Qb3+ Kg7 25.Qxf3 Nxf3+ 26.Kf2 Nxg5 27.Ke3 Nf7 28.Bxa6 Nf6 29.Bd3
Re8 30.Kd2 Ne5 31.Raf1 Ra8 32.a3 Ra4 33.b3 Ra7 34.a4 Ra8 35.Ra1 d5 36.exd5

[Event "aut_chT04"]
[Site "Fuerstenfeld"]
[Date "2005.03.18"]
[Round "9"]
[Board "3"]
[White "Ganaus, Hannes"]
[Black "Balinov, Ilia"]
[Result "1/2-1/2"]
[WhiteElo "2315"]
[BlackElo "2372"]
[PlyCount "88"]

1.e4 e5 2.Nf3 Nc6 3.Bb5 a6 4.Ba4 b5 5.Bb3 Bc5 6.O-O d6 7.c3 Nf6 8.d4 Bb6 9.dxe5
dxe5 10.Qxd8+ Nxd8 11.a4 Bb7 12.axb5 axb5 13.Rxa8 Bxa8 14.Nxe5 Bxe4 15.Nd2 Bf5
16.Ndf3 Be6 17.Bc2 Nd7 18.Re1 Nxe5 19.Rxe5 c6 20.Re1 f6 21.Be3 Bxe3 22.fxe3 Kd7
23.Ra1 Nb7 24.Nd4 Bd5 25.e4 Bc4 26.b3 Bf7 27.Ra6 Nd8 28.Ra7+ Kd6 29.Nf5+ Kc5
30.Nxg7 b4 31.Ra5+ Kb6 32.cxb4 Bg6 33.Ra8 Nf7 34.Rxh8 Nxh8 35.Kf2 Kb5 36.Ke3
Kxb4 37.Nf5 Kc3 38.Bd1 Bxf5 39.exf5 Nf7 40.h4 Nd6 41.g4 h6 42.Bf3 Kxb3 43.Bxc6
Kc4 44.Kf4 Kd4

[Event "aut_chT04"]
[Site "Fuerstenfeld"]
[Date "2005.03.18"]
[Round "9"]
[Board "4"]
[White "Mahdy, Khaled"]
[Black "Franzen, Jozef"]
[Result "1/2-1/2"]
[WhiteElo "2383"]
[BlackElo "2390"]
[PlyCount "36"]

1.e4 e5 2.Nf3 Nc6 3.Bb5 a6 4.Ba4 Nf6 5.d3 d6 6.c3 Bd7 7.O-O g6 8.Re1 Bg7 9.Nbd2
O-O 10.Nf1 Qe7 11.Ne3 b5 12.Bc2 Nd8 13.d4 c6 14.c4 Ng4 15.cxb5 axb5 16.h3 Nxe3
17.Bxe3 Ne6 18.dxe5 dxe5

[Event "aut_chT04"]
[Site "Fuerstenfeld"]
[Date "2005.03.18"]
[Round "9"]
[Board "6"]
[White "Kleiser, Gregor"]
[Black "Fusi, Christoph"]
[Result "1-0"]
[WhiteElo "2262"]
[BlackElo "2219"]
[PlyCount "81"]

1.d4 d5 2.c4 dxc4 3.Nf3 Nf6 4.e3 e6 5.Bxc4 a6 6.O-O c5 7.Nc3 b5 8.Be2 Nc6 9.dxc5
Bxc5 10.Qc2 Qe7 11.Bd2 Nb4 12.Qb1 Bb7 13.a3 Nbd5 14.b4 Bd6 15.Nxd5 Bxd5 16.a4
O-O 17.axb5 axb5 18.Rxa8 Rxa8 19.Rc1 Ne4 20.Be1 Qb7 21.Nd4 Ng5 22.h4 Ne4 23.Nxb5
Bb8 24.Qc2 Nd6 25.Qc5 Ne8 26.Bf1 f5 27.Bc4 Bxc4 28.Qxc4 Qe7 29.g3 Be5 30.Rd1 Ra1
31.Rxa1 Bxa1 32.Nd4 Bxd4 33.Qxd4 Nd6 34.Bc3 Nb5 35.Qe5 Nxc3 36.Qxc3 Qd7 37.Qc4
h6 38.b5 Kh7 39.Qc6 Qd1+ 40.Kg2 Qg4 41.Qxe6

[Event "aut_chT04"]
[Site "Fuerstenfeld"]
[Date "2005.03.18"]
[Round "9"]
[Board "1"]
[White "Boensch, Uwe"]
[Black "Gustafsson, Jan"]
[Result "1/2-1/2"]
[WhiteElo "2540"]
[BlackElo "2616"]
[PlyCount "45"]

1.d4 Nf6 2.c4 e6 3.Nf3 d5 4.e3 a6 5.Bd3 dxc4 6.Bxc4 c5 7.O-O b5 8.Be2 Nbd7 9.b3
Bb7 10.a4 b4 11.Bb2 Be7 12.Nbd2 a5 13.Rc1 O-O 14.dxc5 Rc8 15.c6 Rxc6 16.Rxc6
Bxc6 17.Qa1 Qa8 18.Rc1 Rd8 19.Bd4 Bd5 20.h3 Rc8 21.Rxc8+ Qxc8 22.Nc4 Qc7 23.Nfd2

[Event "aut_chT04"]
[Site "Fuerstenfeld"]
[Date "2005.03.18"]
[Round "9"]
[Board "2"]
[White "Atlas, Valery"]
[Black "Schlosser, Philipp"]
[Result "1/2-1/2"]
[WhiteElo "2478"]
[BlackElo "2570"]
[PlyCount "66"]

1.e4 c5 2.Nf3 e6 3.d4 cxd4 4.Nxd4 a6 5.Nc3 b5 6.Bd3 d6 7.O-O Nf6 8.Re1 Be7 9.a4
b4 10.Na2 e5 11.Nf3 Nc6 12.c3 bxc3 13.Nxc3 O-O 14.Bg5 Be6 15.Bxf6 Bxf6 16.b3 Nb4
17.Bc4 Rc8 18.Nd5 Bxd5 19.Bxd5 Nc2 20.Bb7 Nxa1 21.Bxc8 Qxc8 22.Qxa1 d5 23.Qb1
Qb7 24.exd5 Qxd5 25.Rd1 Qb7 26.Nd2 Rb8 27.Qc2 Be7 28.h3 g6 29.Re1 f6 30.Re3 Rc8
31.Rc3 Rxc3 32.Qxc3 Kf8 33.Qc4 Qb4

[Event "aut_chT04"]
[Site "Fuerstenfeld"]
[Date "2005.03.18"]
[Round "9"]
[Board "3"]
[White "Kritz, Leonid"]
[Black "Naumann, Alexander"]
[Result "1/2-1/2"]
[WhiteElo "2547"]
[BlackElo "2538"]
[PlyCount "44"]

1.e4 e5 2.Nf3 Nc6 3.d4 exd4 4.Nxd4 Bc5 5.Nxc6 Qf6 6.Qf3 dxc6 7.Nd2 Be6 8.Qxf6
Nxf6 9.f3 O-O-O 10.Nb3 Bb6 11.Be2 Nd7 12.Bf4 f5 13.exf5 Bxf5 14.O-O-O Rde8
15.Bd3 Bxd3 16.Rxd3 Re2 17.Rd2 Rhe8 18.Kd1 R2e6 19.Nd4 Bxd4 20.Rxd4 Nb6 21.Bg3
Nd5 22.Kc1 Ne3

[Event "aut_chT04"]
[Site "Fuerstenfeld"]
[Date "2005.03.18"]
[Round "9"]
[Board "4"]
[White "Baramidze, David"]
[Black "Lehner, Oliver"]
[Result "0-1"]
[WhiteElo "2550"]
[BlackElo "2406"]
[PlyCount "72"]

1.e4 c5 2.Nf3 d6 3.d4 cxd4 4.Nxd4 Nf6 5.Nc3 a6 6.Be3 e5 7.Nb3 Be6 8.f3 Nbd7 9.g4
Nb6 10.g5 Nh5 11.Qd2 Be7 12.O-O-O Rc8 13.Kb1 O-O 14.Na5 Qc7 15.Rg1 Nf4 16.Qf2
Bd8 17.h4 Na4 18.Nxa4 Qxa5 19.b3 b5 20.Nb2 Rc6 21.c4 bxc4 22.Bxc4 Nh3 23.Qg2
Nxg1 24.Bxg1 Bb6 25.g6 Bxc4 26.gxh7+ Kxh7 27.Bxb6 Qxb6 28.Rg1 g6 29.Nxc4 Rxc4
30.h5 Rg8 31.hxg6+ Rxg6 32.Rh1+ Kg7 33.Qh2 Rc8 34.Qh7+ Kf8 35.Qh8+ Rg8 36.Qh6+
Ke8

[Event "aut_chT04"]
[Site "Fuerstenfeld"]
[Date "2005.03.18"]
[Round "9"]
[Board "5"]
[White "Weinzettl, Ernst"]
[Black "Gaertner, Guntram"]
[Result "1/2-1/2"]
[WhiteElo "2360"]
[BlackElo "2353"]
[PlyCount "56"]

1.e4 c6 2.d4 d5 3.Nc3 dxe4 4.Nxe4 Bf5 5.Ng3 Bg6 6.Bc4 e6 7.N1e2 Nf6 8.O-O Bd6
9.f4 Qc7 10.Bd3 Bxd3 11.Qxd3 Nbd7 12.f5 e5 13.dxe5 Nxe5 14.Qb3 O-O 15.Bg5 Neg4
16.h3 Bc5+ 17.Kh1 Nf2+ 18.Kh2 N2e4 19.Bf4 Bd6 20.Nxe4 Nxe4 21.Qd3 Rfe8 22.Bxd6
Qxd6+ 23.Qxd6 Nxd6 24.Ng3 Rad8 25.Rad1 Kf8 26.Rd4 Kg8 27.Rdd1 Nc4 28.Ra1 Nb6

[Event "aut_chT04"]
[Site "Fuerstenfeld"]
[Date "2005.03.18"]
[Round "9"]
[Board "6"]
[White "Grabher, Heinz"]
[Black "Kleissl, Helmut"]
[Result "1/2-1/2"]
[WhiteElo "2271"]
[BlackElo "2334"]
[PlyCount "42"]

1.e4 g6 2.d4 Bg7 3.Nc3 d6 4.f4 a6 5.Nf3 b5 6.Bd3 Nd7 7.a4 b4 8.Ne2 Bb7 9.O-O c5
10.c3 bxc3 11.bxc3 cxd4 12.cxd4 Ngf6 13.Ng3 O-O 14.Rb1 Rb8 15.Bd2 Bc6 16.a5 Rxb1
17.Qxb1 Qa8 18.f5 Rb8 19.Qc2 Rc8 20.fxg6 hxg6 21.Qb1 Rb8

[Event "aut_chT04"]
[Site "Fuerstenfeld"]
[Date "2005.03.18"]
[Round "9"]
[Board "1"]
[White "Bischoff, Klaus"]
[Black "Gyimesi, Zoltan"]
[Result "1/2-1/2"]
[WhiteElo "2555"]
[BlackElo "2602"]
[PlyCount "33"]

1.Nf3 d5 2.c4 e6 3.b3 Nf6 4.Bb2 Be7 5.cxd5 exd5 6.e3 O-O 7.Be2 Bf5 8.O-O h6 9.d3
Nbd7 10.Nbd2 c6 11.Re1 Re8 12.Bf1 Bh7 13.Qc2 Bd6 14.a3 Qe7 15.h3 a5 16.Nd4 Nc5
17.N2f3

[Event "aut_chT04"]
[Site "Fuerstenfeld"]
[Date "2005.03.18"]
[Round "9"]
[Board "2"]
[White "Ftacnik, Lubomir"]
[Black "Horvath, Jozsef"]
[Result "1-0"]
[WhiteElo "2539"]
[BlackElo "2514"]
[PlyCount "53"]

1.Nf3 Nf6 2.c4 e6 3.Nc3 d5 4.d4 dxc4 5.e4 Bb4 6.Bg5 c5 7.Bxc4 cxd4 8.Nxd4 Bxc3+
9.bxc3 Qa5 10.Bb5+ Bd7 11.Bxf6 gxf6 12.Bxd7+ Nxd7 13.O-O a6 14.Rb1 Qc7 15.Qd2 h5
16.f4 Rc8 17.Rf3 b5 18.Qf2 Qc5 19.Rd1 h4 20.Kh1 Nb6 21.Rfd3 Nc4 22.Qe2 Qh5
23.Qf2 Qc5 24.h3 Rh6 25.Qe2 Kf8 26.Qg4 Re8 27.Nxe6+

[Event "aut_chT04"]
[Site "Fuerstenfeld"]
[Date "2005.03.18"]
[Round "9"]
[Board "3"]
[White "Pilaj, Herwig"]
[Black "Babula, Vlastimil"]
[Result "0-1"]
[WhiteElo "2426"]
[BlackElo "2566"]
[PlyCount "60"]

1.e4 c5 2.Nf3 d6 3.d4 cxd4 4.Nxd4 Nf6 5.Nc3 a6 6.f4 e5 7.Nf3 Nbd7 8.a4 Qc7 9.Bd3
Be7 10.g4 d5 11.exd5 e4 12.Nxe4 Nxe4 13.Bxe4 Nf6 14.Qd3 Bxg4 15.Ne5 Nxe4 16.Nxg4
Bh4+ 17.Kf1 f5 18.Be3 O-O 19.Ne5 Bf6 20.Bd4 Rfd8 21.c4 b5 22.b3 bxc4 23.bxc4
Rac8 24.Rc1 Rxd5 25.Kg2 Rxd4 26.Qxd4 Rd8 27.Qe3 Rd2+ 28.Kg1 Bxe5 29.fxe5 Qxe5
30.Rb1 f4

[Event "aut_chT04"]
[Site "Fuerstenfeld"]
[Date "2005.03.18"]
[Round "9"]
[Board "4"]
[White "Stanec, Nikolaus"]
[Black "Hoelzl, Franz"]
[Result "1-0"]
[WhiteElo "2566"]
[BlackElo "2370"]
[PlyCount "105"]

1.Nf3 d5 2.g3 g6 3.Bg2 Bg7 4.O-O e5 5.d3 Ne7 6.Nbd2 O-O 7.e4 Nbc6 8.a3 a5 9.b3
Re8 10.Bb2 dxe4 11.dxe4 b6 12.Re1 Ba6 13.Bf1 Bxf1 14.Kxf1 Qd7 15.c3 Rad8 16.Qe2
Bh6 17.Rad1 Bxd2 18.Rxd2 Qe6 19.Rxd8 Rxd8 20.Qc2 f6 21.a4 Qh3+ 22.Kg1 Qd7 23.Qe2
Kg7 24.Kg2 h5 25.Bc1 Qe6 26.Qc2 g5 27.h4 g4 28.Nd2 Qd7 29.Nc4 Qd3 30.Qxd3 Rxd3
31.Bd2 Nd8 32.Kf1 Ne6 33.Ke2 Nc5 34.Be3 Rxc3 35.Bxc5 bxc5 36.Nxa5 c4 37.Nxc4 Nc6
38.Nd2 Nd4+ 39.Kd1 Nxb3 40.Nxb3 Rxb3 41.Re3 Rb4 42.Ra3 Rxe4 43.a5 Rb4 44.a6 Rb8
45.Kc2 Kf8 46.Kc3 Ke7 47.Kc4 Kd6 48.a7 Ra8 49.Kb5 f5 50.Ka6 c5 51.Kb7 Rxa7+
52.Kxa7 Kd5 53.Ka6

[Event "aut_chT04"]
[Site "Fuerstenfeld"]
[Date "2005.03.18"]
[Round "9"]
[Board "5"]
[White "Moser, Guenter"]
[Black "Weiss, Christian"]
[Result "1-0"]
[WhiteElo "2359"]
[BlackElo "2422"]
[PlyCount "127"]

1.d4 c5 2.d5 Nf6 3.c4 b5 4.cxb5 a6 5.bxa6 Bxa6 6.Nc3 g6 7.Nf3 Bg7 8.g3 O-O 9.Bg2
d6 10.O-O Nbd7 11.Rb1 Qa5 12.Bd2 Rfb8 13.Qc2 Qc7 14.b3 Nb6 15.Nh4 Qb7 16.Rfd1
Qa7 17.h3 Nbd7 18.Nf3 Ne8 19.Qe4 Ndf6 20.Qc2 Nc7 21.Bg5 Nb5 22.Nxb5 Bxb5 23.a4
Bd7 24.Nd2 Qc7 25.Nc4 Bc8 26.e4 h6 27.Be3 Nd7 28.Kh2 Ba6 29.Bf1 h5 30.f4 h4
31.g4 g5 32.fxg5 Bxc4 33.Bxc4 Ne5 34.Be2 Qa5 35.Bd2 Qa7 36.Kg2 Rb7 37.Bc4 Rab8
38.Rf1 Rf8 39.Rf5 Qb8 40.Be1 Ng6 41.a5 Ne5 42.Rxe5 Bxe5 43.Bxh4 Ra7 44.a6 Kg7
45.Rf1 Qe8 46.Bg3 f6 47.Rf5 Ra8 48.h4 Qb8 49.Qe2 Qb4 50.gxf6+ exf6 51.Be1 Bc3
52.Bf2 Rf7 53.g5 Bd2 54.Qh5 Rh8 55.Qg4 Rg8 56.Bg3 Be3 57.Bxd6 Qe1 58.Rf1 Qd2+
59.Qe2 Qxe2+ 60.Bxe2 fxg5 61.Rxf7+ Kxf7 62.hxg5 Bxg5 63.Kf3 Be7 64.Bf4

[Event "aut_chT04"]
[Site "Fuerstenfeld"]
[Date "2005.03.18"]
[Round "9"]
[Board "6"]
[White "Knoll, Hermann"]
[Black "Titz, Heimo"]
[Result "1-0"]
[WhiteElo "2356"]
[BlackElo "2176"]
[PlyCount "157"]

1.e4 c5 2.Nf3 e6 3.d4 cxd4 4.Nxd4 Nc6 5.Nb5 d6 6.c4 a6 7.N5c3 Nf6 8.Na3 Be7
9.Be2 O-O 10.O-O b6 11.Be3 Bb7 12.Qb3 Nd7 13.Rac1 Nc5 14.Qd1 Nb4 15.Qd2 Qb8
16.Rfd1 Rd8 17.Qe1 Bf6 18.Nab1 a5 19.f3 d5 20.cxd5 exd5 21.a3 d4 22.axb4 axb4
23.Nd5 Bxd5 24.Bxd4 Bxd4+ 25.Rxd4 Bxe4 26.Rxd8+ Qxd8 27.fxe4 Qd4+ 28.Qf2 Qxb2
29.Rf1 Rf8 30.Qe3 Qe5 31.Nd2 Qc3 32.Qxc3 bxc3 33.Nb1 Nxe4 34.Bd3 Nd2 35.Nxd2
cxd2 36.Rd1 Rd8 37.Rxd2 g6 38.Kf2 Kg7 39.Ke2 Rd4 40.Rc2 Rd6 41.Rc7 h5 42.Bc4 Rf6
43.Ke3 h4 44.h3 Kf8 45.Bd5 Kg7 46.Ke4 Rf5 47.Rb7 Rf6 48.Ke5 Rf5+ 49.Kd6 Rf6+
50.Ke7 Rf5 51.Bc6 Re5+ 52.Kd6 Re6+ 53.Kd5 Re1 54.Rxb6 f5 55.Kd4 Kh6 56.Bd5 Re7
57.Be6 Kg5 58.Ke5 Ra7 59.Bd5 Re7+ 60.Re6 Rd7 61.Bc6 Rg7 62.Be8 Rg8 63.Bf7 Rg7
64.Re7 Rh7 65.Ke6 Rh5 66.Re8 Kf4 67.Kf6 Rg5 68.Re2 Rg3 69.Bxg6 Ra3 70.Bxf5 Ra6+
71.Be6 Ra5 72.Rc2 Kg3 73.Rc4 Kxg2 74.Rxh4 Ra6 75.Rh8 Kg3 76.h4 Kf4 77.h5 Ra5
78.h6 Rh5 79.h7

[Event "aut_chT04"]
[Site "Fuerstenfeld"]
[Date "2005.03.18"]
[Round "9"]
[Board "1"]
[White "Rabiega, Robert"]
[Black "Lanka, Zigurds"]
[Result "1/2-1/2"]
[WhiteElo "2539"]
[BlackElo "2455"]
[PlyCount "36"]

1.e4 c5 2.c3 Nf6 3.e5 Nd5 4.Nf3 Nc6 5.Bc4 Nb6 6.Bb3 d6 7.exd6 Qxd6 8.Na3 a6
9.O-O e6 10.Qe2 Be7 11.d4 cxd4 12.Rd1 O-O 13.Nxd4 Qe5 14.Be3 Nxd4 15.cxd4 Qf6
16.Nc4 Nxc4 17.Bxc4 b5 18.Bb3 Bb7

[Event "aut_chT04"]
[Site "Fuerstenfeld"]
[Date "2005.03.18"]
[Round "9"]
[Board "2"]
[White "Maiwald, Jens-Uwe"]
[Black "Wells, Peter"]
[Result "0-1"]
[WhiteElo "2514"]
[BlackElo "2519"]
[PlyCount "90"]

1.g3 d5 2.Bg2 c6 3.d3 Bg4 4.h3 Bh5 5.Nf3 e6 6.O-O Bd6 7.Nbd2 Ne7 8.b3 O-O 9.Bb2
Nd7 10.e4 a5 11.a3 b5 12.Qe1 Qb6 13.Kh1 Rfe8 14.g4 Bg6 15.e5 Bc7 16.Nh4 c5 17.f4
f5 18.exf6 Nxf6 19.Be5 Bxe5 20.Qxe5 a4 21.bxa4 Rxa4 22.Ndf3 c4 23.Qe2 cxd3
24.cxd3 Rxf4 25.Ne5 Rxf1+ 26.Rxf1 Qd6 27.Qb2 Rb8 28.Re1 Be8 29.Nhf3 Nd7 30.g5
Ng6 31.Ng4 Nf4 32.Qd4 Rc8 33.Bf1 Bh5 34.Nfe5 Bxg4 35.Nxg4 Nh5 36.Bg2 Rc1 37.Qe3
Rxe1+ 38.Qxe1 Ng3+ 39.Kg1 Nf5 40.Qa5 Qc5+ 41.Kh2 Nh4 42.Kg3 Ng6 43.Qd8+ Ndf8
44.Qb8 Qxa3 45.Qxb5 Qd6+

[Event "aut_chT04"]
[Site "Fuerstenfeld"]
[Date "2005.03.18"]
[Round "9"]
[Board "3"]
[White "Kotz, Heinz Peter"]
[Black "Gross, David"]
[Result "0-1"]
[WhiteElo "2347"]
[BlackElo "2465"]
[PlyCount "96"]

1.e4 c5 2.Nf3 e6 3.d4 cxd4 4.Nxd4 a6 5.Nc3 b5 6.Bd3 d6 7.O-O Nf6 8.Re1 Be7 9.Qf3
Bb7 10.Qg3 g6 11.Nf3 e5 12.Bg5 Nbd7 13.Rad1 Nh5 14.Qh4 h6 15.Bxe7 Qxe7 16.Qxe7+
Kxe7 17.a3 Rac8 18.Nd2 Nf4 19.Nf1 Nb6 20.Ne3 Rc5 21.g3 Ne6 22.f3 h5 23.h4 Rhc8
24.Rd2 Nd4 25.Kf2 R5c7 26.Ne2 Ne6 27.Nc3 Rc5 28.Red1 Nd4 29.Ne2 Na4 30.b4 R5c7
31.Nxd4 exd4 32.Ng2 Nb2 33.Rb1 Nxd3+ 34.cxd3 Rc3 35.Ra1 Rb3 36.Nf4 Rcc3 37.g4
hxg4 38.fxg4 Rxa3 39.Rxa3 Rxa3 40.Rc2 Rc3 41.Rb2 Kf6 42.Ke2 Ke5 43.Ng2 d5
44.exd5 Bxd5 45.Ne1 Kf4 46.h5 g5 47.Rc2 Be6 48.Ng2+ Ke5

[Event "aut_chT04"]
[Site "Fuerstenfeld"]
[Date "2005.03.18"]
[Round "9"]
[Board "4"]
[White "Tabernig, Bernhard"]
[Black "Fahrner, Kurt"]
[Result "0-1"]
[WhiteElo "2344"]
[BlackElo "2339"]
[PlyCount "124"]

1.d4 d5 2.c4 c6 3.Nf3 Nf6 4.Nc3 dxc4 5.a4 Na6 6.e4 Bg4 7.Bxc4 Bxf3 8.gxf3 e6
9.Bxa6 bxa6 10.Qd3 a5 11.Qc4 Qc8 12.Bf4 Be7 13.O-O O-O 14.Rfd1 Rd8 15.Rac1 Nh5
16.Be3 Rb8 17.Qe2 Qb7 18.e5 Qxb2 19.Rc2 Qa3 20.Rdc1 g6 21.Ne4 Ng7 22.Rxc6 Nf5
23.R6c4 Rb2 24.R1c2 Rxc2 25.Qxc2 Nxe3 26.fxe3 Qxe3+ 27.Qf2 Qf4 28.Kg2 Rb8 29.Qc2
Kg7 30.Rc7 Ba3 31.Qd3 Rb2+ 32.Rc2 Qc1 33.Rxb2 Bxb2 34.Ng3 Qc3 35.Qxc3 Bxc3
36.Ne2 Bd2 37.Kf2 g5 38.Ng3 Kg6 39.Ne4 Bb4 40.Ke3 h5 41.h3 Be7 42.Ng3 h4 43.Ne4
Ba3 44.Kd3 Kf5 45.Nd6+ Kf4 46.Nxf7 Be7 47.Ke2 Kg3 48.Nh6 Kxh3 49.Kf2 a6 50.Ng8
Ba3 51.d5 Bc5+ 52.Ke2 Kg2 53.dxe6 h3 54.e7 Bxe7 55.Nxe7 h2 56.Nc6 h1=Q 57.Nd4
Qa1 58.Kd3 Qxa4 59.e6 Qb4 60.Ke4 a4 61.Kd5 a3 62.Nc6 Qd2+

[Event "aut_chT04"]
[Site "Fuerstenfeld"]
[Date "2005.03.18"]
[Round "9"]
[Board "5"]
[White "Ebner, Hubert"]
[Black "Kroell, Johannes"]
[Result "1-0"]
[WhiteElo "2258"]
[BlackElo "2234"]
[PlyCount "119"]

1.c4 g5 2.d4 h6 3.e4 d6 4.Nc3 Bg7 5.Be3 Nc6 6.Nge2 e5 7.Qd2 f5 8.exf5 Bxf5 9.Ng3
Bg6 10.d5 Nb4 11.Nce4 a5 12.a3 Na6 13.Qxa5 Ne7 14.Qb5+ Qd7 15.Qxd7+ Kxd7 16.Be2
b6 17.h4 Nc5 18.Bg4+ Ke8 19.Nxc5 bxc5 20.hxg5 hxg5 21.Rxh8+ Bxh8 22.Bxg5 Bd3
23.Be2 e4 24.Bxd3 Bxb2 25.Ra2 Bc3+ 26.Bd2 Bxd2+ 27.Kxd2 exd3 28.Kxd3 Ng6 29.Kc3
Kd7 30.Ne4 Ne5 31.a4 Rb8 32.f4 Ng4 33.a5 Re8 34.a6 Kc8 35.Rb2 Kd7 36.Kd3 Ra8
37.Ra2 c6 38.dxc6+ Kxc6 39.Ke2 d5 40.cxd5+ Kxd5 41.Ra4 c4 42.Nc3+ Kd4 43.Kd2 Kc5
44.a7 Kb6 45.Nd5+ Kb7 46.Kc3 Rxa7 47.Rxa7+ Kxa7 48.Kxc4 Kb7 49.Kd4 Kc6 50.Ne3
Nh6 51.Ke5 Kd7 52.Kf6 Ke8 53.Kg7 Nf7 54.g4 Nd6 55.f5 Ne4 56.f6 Ng5 57.Nf5 Ne6+
58.Kg8 Ng5 59.Ng7+ Kd7 60.f7

[Event "aut_chT04"]
[Site "Fuerstenfeld"]
[Date "2005.03.18"]
[Round "9"]
[Board "6"]
[White "Schiestl, Josef"]
[Black "Pfaffel, Thomas"]
[Result "1/2-1/2"]
[WhiteElo "2139"]
[BlackElo "2132"]
[PlyCount "83"]

1.e4 c5 2.Nf3 d6 3.d4 cxd4 4.Nxd4 Nf6 5.Nc3 a6 6.Be3 e5 7.Nb3 Be6 8.f3 Be7 9.Qd2
d5 10.exd5 Nxd5 11.Nxd5 Qxd5 12.Qxd5 Bxd5 13.O-O-O Bxb3 14.axb3 Nd7 15.Bc4 Nf6
16.Bb6 Rc8 17.Rhe1 Rc6 18.Bf2 b5 19.Bd3 O-O 20.Rxe5 Bd6 21.Re2 g6 22.g3 Rfc8
23.Bd4 Bf8 24.Kb1 Rd8 25.c3 Rd7 26.Be4 Nxe4 27.Rxe4 f5 28.Ree1 Kf7 29.Be5 Rxd1+
30.Rxd1 Be7 31.Kc2 Re6 32.f4 g5 33.Kd3 Bd6 34.Bxd6 Rxd6+ 35.Kc2 Rh6 36.Rd2 gxf4
37.gxf4 Rh4 38.Rf2 Ke6 39.Kd3 Kd5 40.Rd2 Rh3+ 41.Ke2+ Kc5 42.Rd8

[Event "aut_chT04"]
[Site "Fuerstenfeld"]
[Date "2005.03.19"]
[Round "10"]
[Board "1"]
[White "Pinter, Jozsef"]
[Black "Lanka, Zigurds"]
[Result "1-0"]
[WhiteElo "2535"]
[BlackElo "2455"]
[PlyCount "87"]

1.d4 Nf6 2.c4 g6 3.Nc3 Bg7 4.Nf3 O-O 5.g3 d5 6.cxd5 Nxd5 7.Bg2 Nxc3 8.bxc3 c5
9.O-O cxd4 10.cxd4 Nc6 11.e3 Be6 12.Qd2 Bd5 13.Bb2 Be4 14.Rfc1 Rc8 15.Qe2 Nb4
16.Rxc8 Qxc8 17.Rc1 Qe8 18.Bc3 Nd5 19.Be1 Qa8 20.Bh3 Bf5 21.Bf1 Nf6 22.Bb4 Re8
23.Nd2 Be6 24.Nb3 Bd5 25.Bg2 b6 26.Bxd5 Nxd5 27.Bd2 e5 28.dxe5 Bxe5 29.Rc4 a6
30.Qf3 Qd8 31.Nd4 Bg7 32.Kg2 Qd7 33.Bc1 b5 34.Rc2 h5 35.Bd2 h4 36.gxh4 Nf6
37.Ba5 Ne4 38.Ne2 Nd6 39.Rd2 Qe6 40.Nf4 Qf6 41.Qc6 Qxh4 42.Rxd6 Qg4+ 43.Kf1 Rc8
44.Qxc8+

[Event "aut_chT04"]
[Site "Fuerstenfeld"]
[Date "2005.03.19"]
[Round "10"]
[Board "2"]
[White "Maiwald, Jens-Uwe"]
[Black "Balogh, Csaba"]
[Result "1-0"]
[WhiteElo "2514"]
[BlackElo "2519"]
[PlyCount "91"]

1.e4 c5 2.Nc3 Nc6 3.Bb5 Nd4 4.Bc4 e6 5.Nf3 a6 6.Nxd4 cxd4 7.Ne2 Nf6 8.d3 Bc5
9.O-O d5 10.exd5 Nxd5 11.Nf4 Nxf4 12.Bxf4 Bd6 13.Bxd6 Qxd6 14.f4 Bd7 15.Qg4 Rg8
16.Rae1 O-O-O 17.Qh5 g6 18.Qh4 Bc6 19.Qxh7 Qf8 20.Qh4 Rh8 21.Qg3 Qb4 22.Bb3 a5
23.a3 Qb6 24.a4 Rh5 25.Re5 Rdh8 26.h3 Qc7 27.Rfe1 Qd6 28.R1e2 Kc7 29.Rxh5 Rxh5
30.Re5 Rxe5 31.fxe5 Qd7 32.Qf4 b5 33.axb5 Bxb5 34.Bc4 Bxc4 35.dxc4 Kb6 36.Qf3 a4
37.Qa3 Qc6 38.Qb4+ Kc7 39.Qe7+ Kb6 40.Qb4+ Kc7 41.Qe7+ Kb6 42.Qd8+ Kc5 43.b3 Kb4
44.Qxd4 axb3 45.c5+ Ka3 46.Qc3

[Event "aut_chT04"]
[Site "Fuerstenfeld"]
[Date "2005.03.19"]
[Round "10"]
[Board "3"]
[White "Fogarasi, Tibor"]
[Black "Gross, David"]
[Result "1/2-1/2"]
[WhiteElo "2442"]
[BlackElo "2465"]
[PlyCount "57"]

1.e4 e5 2.Nf3 Nc6 3.Bb5 Nf6 4.O-O Nxe4 5.Re1 Nd6 6.Nxe5 Be7 7.Bf1 Nxe5 8.Rxe5
O-O 9.d4 Bf6 10.Re1 Nf5 11.c3 d5 12.Bd3 g6 13.Bf4 Ng7 14.Nd2 Nh5 15.Be3 c6
16.Nf3 Bg4 17.h3 Bxf3 18.Qxf3 Bg5 19.Bxg5 Qxg5 20.Re5 Qf6 21.Qe3 Ng7 22.Re1 Qd6
23.Re7 Rfe8 24.Qe5 Qxe7 25.Qxe7 Rxe7 26.Rxe7 Rb8 27.Re3 Re8 28.Rxe8+ Nxe8 29.Kf1